000
00289nam a2200133Ia 4500
008
220613s9999||||xx |||||||||||||| ||und||
100
_a
W F Ganong
245
0
_a
Review Of Medical Physiology
250
_a
22ND
260
_b
T M H
300
_a
912
650
_a
Physiology
942
_c
PREC
999
_c
8191
_d
8191